000 00781nam a2200229 a 4500
003 CBULib
005 20240523093912.0
008 140415s2013 ||||||||||||||||| || u
020 _a978-92-1-112872-7
040 _aCBULib
_bEnglish
_cCBULib
_erda
041 _aeng
050 _aUNCTAD(058)RMT/2013
110 _aUnited Nations Conference on Trade and Development (UNCTAD)
245 1 0 _aReview Of Maritime Transport 2013
_c/ by United Nations Conference On Trade And Development[UNCTAD]
260 _aGeneva :
_bUnited Nations,
_c2013
300 _aii,184 pages : illustrations
336 _2rdacontent
_aText |
_btxt
337 _2rdamedia
_aUnmediated |
_bn
338 _2rdacarrier
_aVolume
_bnc
650 _aECONOMIC DEVELOPMENT--MARITIME TRANSPORT
942 _2mc
_c029
999 _c80214
_d80214